[Event "NRW-ch op Seniors 14th"]
[Site "Beverungen"]
[Date "2003.06.16"]
[Round "3.12"]
[White "Binewitsch, Michael"]
[Black "Schwentker, Friedrich"]
[Result "1-0"]
[WhiteElo "1790"]
[BlackElo "1594"]
[PlyCount "73"]
[EventDate "2003.06.14"]
[EventType "swiss"]
[EventRounds "9"]
[EventCountry "GER"]
[SourceTitle "EXT 2004"]
[Source "ChessBase"]
[SourceDate "2003.11.25"]
[SourceVersion "1"]
[SourceVersionDate "2003.11.25"]
[SourceQuality "1"]

1. d4 Nf6 2. c4 e5 3. d5 d6 4. Nc3 Be7 5. e4 0-0 6. Bd3 Na6 7. Nge2 Nc5 8. Bc2 Ne8 9. 0-0 f5 10. exf5 Bxf5 11. b4 Nd7 12. Ng3 Bxc2 13. Qxc2 Bg5 14. Nge4 Bxc1 15. Raxc1 Nef6 16. Qd3 Nxe4 17. Nxe4 h6 18. c5 Nf6 19. Nxf6+ Rxf6 20. f3 a6 21. Rfe1 Rf4 22. Re4 Rf7 23. Rg4 Qf6 24. Rg6 Qe7 25. Re6 Qd8 26. Rc4 Rf6 27. Rg4 Rxe6 28. dxe6 dxc5 29. Qg6 Qe7 30. Qxh6 Rf8 31. Qh3 Rf6 32. Rh4 Qxe6 33. Rh8+ Kf7 34. Qh7 Rh6 35. Qg8+ Kf6 36. Qd8+ Qe7 37. Rf8+ 1-0

[Event "GER North-ch Seniors 5th"]
[Site "Bad Bevensen"]
[Date "2002.06.24"]
[Round "3"]
[White "Neese, Hans Joachim"]
[Black "Binewitsch, Michael"]
[Result "1/2-1/2"]
[WhiteElo "2176"]
[BlackElo "1763"]
[PlyCount "127"]
[EventDate "2002.06.??"]
[EventType "swiss"]
[EventRounds "9"]
[EventCountry "GER"]
[SourceTitle "EXT 2006"]
[Source "ChessBase"]
[SourceDate "2005.11.24"]
[SourceVersion "1"]
[SourceVersionDate "2005.11.24"]
[SourceQuality "1"]

1. d4 Nf6 2. Nf3 d5 3. c4 Bf5 4. Qb3 b6 5. Nc3 c6 6. Ne5 e6 7. Bg5 Be7 8. e3 0-0 9. Be2 h6 10. Bf4 Nfd7 11. Nf3 Nf6 12. 0-0 Nbd7 13. h3 Ne4 14. cxd5 cxd5 15. Ba6 Bd6 16. Bxd6 Nxd6 17. Rac1 Ne4 18. Nxe4 Bxe4 19. Nd2 Bf5 20. Qc3 Nf6 21. Qc7 Ne4 22. Qxd8 Rfxd8 23. Nxe4 Bxe4 24. Rc7 Rd6 25. Rfc1 b5 26. Bxb5 Rb6 27. Bc6 Rab8 28. b3 a6 29. Ba4 Bd3 30. Rc8+ Rxc8 31. Rxc8+ Kh7 32. f3 Bb5 33. Bxb5 axb5 34. Kf2 Ra6 35. Rc2 b4 36. Ke2 g5 37. Kd1 Kg6 38. Kc1 f5 39. Kb2 g4 40. Rc8 gxf3 41. gxf3 Rb6 42. a3 bxa3+ 43. Kxa3 Ra6+ 44. Kb2 Rb6 45. Kc3 Ra6 46. Kb2 Rb6 47. Rc2 Kh5 48. Kc3 Kh4 49. Rc1 Kxh3 50. Rh1+ Kg3 51. f4 Kf3 52. Rh3+ Ke4 53. b4 Rb8 54. Rxh6 Kxe3 55. Rxe6+ Kxf4 56. Re5 Rc8+ 57. Kb3 Rd8 58. b5 Kg4 59. b6 f4 60. Re7 f3 61. Kb4 f2 62. Rg7+ Kf3 63. Rf7+ Kg2 64. Rg7+ 1/2-1/2